| 000 | 00412nam a22001697a 4500 | ||
|---|---|---|---|
| 003 | OSt | ||
| 008 | 241022b |||||||| |||| 00| 0 eng d | ||
| 020 | _a9780500204122 | ||
| 082 | _a391 LAC | ||
| 100 | _aLAVER, James | ||
| 245 | _aCostume and Fashion: A Concise History | ||
| 250 | _a5th. ed., | ||
| 260 |
_aLondon, _bThames & Hudson Ltd, _c2012, |
||
| 300 | _a312 p. | ||
| 650 | _aB.FAD. | ||
| 942 |
_2ddc _cREF |
||
| 999 |
_c12926 _d12926 |
||